Gaming Quiz

Random Gaming or Nintendo Quiz

The Legend of Zelda: Skyward Sword Enemies Quiz Stats

 Plays Quiz not verified by Sporcle

Challenge
Share
Tweet
Embed
Score 0/51 Timer 08:00
0 Plays Today
Location Enemy % Correct
EverywhereRed Bokoblin
85.5%
EverywhereBlue Bokoblin
85.5%
EverywhereGreen Bokoblin
85.3%
Ancient CisternCursed Bokoblin
84.8%
Skyview TempleKeese
79.7%
Skyview Temple/Fire SanctuaryGhirahim
70.6%
Faron WoodsDeku Baba
70.3%
Faron WoodsWooden Shield Moblin
69.9%
Sky KeepMetal Shield Moblin
69.9%
Sealed GroundsDemise
68.6%
Sealed GroundsThe Imprisoned
68%
Earth TempleFire Keese
63%
Ancient CisternBlue Chuchu
62.8%
Faron WoodsGreen Chuchu
62.6%
Eldin VolcanoRed Chuchu
62.6%
Lanayru DesertYellow Chuchu
62.6%
Skyview TempleStalfos
62.6%
Ancient CisternKoloktos
62.3%
Earth TempleScaldera
59.3%
The ThunderheadBilocyte (Levias)
59.1%
SandshipTentalus
58.4%
Earth TempleLizalfos
56.7%
Skyview TempleSkulltula
56.5%
Lanayru Mining FacilityMoldarach
56.3%
Lanayru Mining FacilityBeamos
53%
Lanayru DesertTechnoblin
48.1%
Location Enemy % Correct
Lanayru Mining FacilityThunder Keese
46.8%
Lanayru Mining FacilityArmos
46.1%
Faron WoodsOctorok (Grass)
44.8%
Lanayru DesertOctorok (Rock)
44.8%
Faron WoodsQuadro Baba
43.9%
SandshipLD-0025 Scervo
43.1%
Fire SanctuaryDark Keese
42.9%
Ancient CisternStalmaster
42%
Fire SanctuaryDark Lizalfos
41.3%
Faron WoodsGuay
37.9%
Skyview TempleWalltula
37.7%
Sky KeepLD-003D Dreadfuse
36.4%
Lanayru Mining FacilityAracha
35.7%
Skyview TempleStaldra
33.8%
Fire SanctuaryMagmanos
33.3%
Fire SanctuaryCursed Spume
32.9%
Ancient CisternFurnix
31%
Earth TempleMagma Spume
31%
Lanayru MineElectro Spume
31%
Lanayru DesertAmpilus
30.3%
Lanayru DesertHrok
29.2%
Lanayru Mining FacilityFroak
28.6%
Lanayru Mining FacilitySentrobe
27.7%
Eldin VolcanoPyrup
27.7%
Lake FloriaCranioc
26.6%

You're not logged in!

Compare scores with friends on all Sporcle quizzes.
Join for Free
OR
Log In

You Might Also Like...

Show Comments

Extras

Top Quizzes Today


Score Distribution

Your Account Isn't Verified!

In order to create a playlist on Sporcle, you need to verify the email address you used during registration. Go to your Sporcle Settings to finish the process.

Report this User

Report this user for behavior that violates our Community Guidelines.

Details: